Cơ sở văn hóa Việt Nam
Nội dung sách bao gồm 2 phần và 5 chương giúp cho đọc giả có được những kiến thức cần thiết về văn hóa xã hội VIệt Nam. Ở phần 1 sách nói về điều kiện hình thành văn hóa Việt Nam hay tiến trình văn hóa Việt Nam... Phần 2 sách nói về...
Zapisane w:
| 1. autor: | |
|---|---|
| Format: | Książka |
| Język: | Undetermined |
| Wydane: |
Huế
Thuận Hóa
2008
|
| Hasła przedmiotowe: | |
| Etykiety: |
Dodaj etykietę
Nie ma etykietki, Dołącz pierwszą etykiete!
|
| Thư viện lưu trữ: | Trung tâm Học liệu Trường Đại học Cần Thơ |
|---|
| LEADER | 01087nam a2200217Ia 4500 | ||
|---|---|---|---|
| 001 | CTU_135394 | ||
| 008 | 210402s9999 xx 000 0 und d | ||
| 020 | |c 118000 | ||
| 082 | |a 306.0899592 | ||
| 082 | |b B100 | ||
| 100 | |a Huỳnh, Công Bá | ||
| 245 | 0 | |a Cơ sở văn hóa Việt Nam | |
| 245 | 0 | |c Huỳnh Công Bá | |
| 260 | |a Huế | ||
| 260 | |b Thuận Hóa | ||
| 260 | |c 2008 | ||
| 520 | |a Nội dung sách bao gồm 2 phần và 5 chương giúp cho đọc giả có được những kiến thức cần thiết về văn hóa xã hội VIệt Nam. Ở phần 1 sách nói về điều kiện hình thành văn hóa Việt Nam hay tiến trình văn hóa Việt Nam... Phần 2 sách nói về các thành tố văn hóa Việt Nam như văn hóa nhận thức, văn hóa vật chất, văn hóa xã hội... | ||
| 650 | |a Vietnam,Việt Nam | ||
| 650 | |x Civilization,Văn hóa | ||
| 904 | |i Giang | ||
| 980 | |a Trung tâm Học liệu Trường Đại học Cần Thơ | ||